000 00312nam a2200121Ia 4500
008 190216s9999||||xx |||||||||||||| ||und||
100 _aBalaguruswamy.E
245 0 _aComputer Oriented Sttistical And Numerical Methods
260 _bMacmillan India Ltd
_c1992
300 _a250p
650 _aComputer
942 _cBK
999 _c8434
_d8434